000 00432nam a22001817a 4500
003 CO-ViMGA
005 20230915225005.0
008 150521b xxu||||| |||| 00| 0 eng d
020 _a9789587043716
040 _aCO-ViMGA
_bspa
_cCO-ViMGA
090 _bA DAC1
100 1 _4DA COLL IVAR
245 1 0 _aHAMAMELIS Y EL SECRETO
260 _aBOGOTA
_bALFAGUARA
_c2013
300 _a[25] PAG
650 1 4 _2LIBRO ALBUM
942 _2ddc
_cBK
999 _c114
_d114